000 01066cam a2200217 4500
001 WB3820-09
008 020528n2002 000 0 eng u
035 _a(Sirsi) u118195
245 _aGovernment launches next stage of energy review
260 _c2002
490 _aRICS Environment Faculty News
_v 27 May 2002 (1)
520 _aThe government is consulting on how the UK's energy will be generated. The consultation period will end 13 September, leading to a white paper around the end of the year. Environment secretary Margaret Beckett said the review would be underpinned by the need to move towards a loaw carbon economy to respond to the UK's climate change targets set out in the Kyoto agreements. http://www.dti.gov.uk/energy/developep/index.htm(Energy policy: key issues for consultation)
590 _aWB
650 _aCONSULTATION
650 _aLOW CARBON ECONOMY
650 _aCLIMATE CHANGE
650 _aENERGY POLICY
650 _aDTI
690 _aENVIRONMENTAL AND LAND CONSULTANCY-ENERGY-ENERGY USE-ENERGY EFFICIENCY
942 _n0
999 _c70384
_d70384